Statistics for Christmas Movies

Click here to take the quiz!

General Stats

  • This quiz has been taken 53,392 times
    (53,254 since last reset)
  • The average score is 11 of 18

Answer Stats

DescriptionMovie% Correct
Unsupervised child uses booby traps to defeat burglarsHome Alone
98%
Man, raised as an elf, goes to New York CityElf
96%
Green curmudgeon commits attempted burglary in WhovilleHow the Grinch Stole Christmas
88%
A magical train takes a conductor, children, and a hobo to the north poleThe Polar Express
80%
A miser finds redemption after being visited by three Christmas spiritsA Christmas Carol
75%
If Santa falls off your roof and dies, YOU become SantaThe Santa Clause
66%
The citizens of Halloween Town take over Christmas townThe Nightmare Before Christmas
63%
A guy kills terrorists in a Los Angeles skyscraper. Also, its ChristmasDie Hard
62%
The perfect Christmas present – just don't get it wet or feed it after midnight!Gremlins
59%
Kid will shoot his eye out if he gets a BB gun for ChristmasA Christmas Story
56%
Mall santa and elf rob a different mall every ChristmasBad Santa
51%
Macy's department store Santa just might be the real SantaMiracle on 34th Street
51%
Clark Griswold's plan for a perfect Christmas go predictably awryNational Lampoon's Christmas
Vacation
50%
Suicidal man, rescued by an angel, is shown what things would
be like if he never lived
It's a Wonderful Life
49%
Deceased dad gets a second chance to be a doting father... as a snowmanJack Frost
45%
Modern take on the above, with Bill Murray as a cold-hearted TV execScrooged
43%
Musclebound father goes to great lengths to obtain a sold-out toyJingle All the Way
38%
Suburban couple skips Christmas for a Caribbean cruiseChristmas With the Kranks
29%

Score Distribution

Percentile by Number Answered

Percent of People with Each Score

Your Score History

You have not taken this quiz since the last reset